[Event "RUS-ch Blitz"]
[Site "Sochi"]
[Date "2023.10.14"]
[Round "5"]
[White "Ivlev, Aleksey"]
[Black "Afanasiev, Nikita"]
[Result "1/2-1/2"]
[WhiteElo "2315"]
[BlackElo "2533"]
[PlyCount "100"]
[EventDate "2023.10.14"]
[EventType "swiss (blitz)"]
[EventRounds "13"]
[EventCountry "RUS"]
[SourceTitle "Mega2024 Update 01"]
[Source "Chessbase"]
[SourceDate "2023.11.12"]
[SourceVersion "1"]
[SourceVersionDate "2023.11.12"]
[SourceQuality "1"]

1. d4 g6 2. Nf3 Bg7 3. c4 e6 4. Nc3 Ne7 5. g3 d5 6. Bg2 Nbc6 7. cxd5 exd5 8. 0-0 Bg4 9. e3 Qd7 10. Qb3 Rb8 11. Ne2 Qf5 12. Nh4 Qd7 13. Nf3 h6 14. Nf4 0-0 15. Bd2 g5 16. Nd3 Qf5 17. Nfe5 Nxe5 18. Nxe5 Be2 19. Rfe1 Ba6 20. Rac1 c6 21. Bb4 Rbe8 22. f4 Qe6 23. Nd3 b6 24. Ne5 Bxe5 25. fxe5 f6 26. e4 Bc4 27. Qd1 fxe5 28. b3 Ba6 29. exd5 cxd5 30. Rxe5 Qf6 31. Qe1 Rf7 32. Bxd5 Nxd5 33. Rxe8+ Kg7 34. Bc3 Qf3 35. Qe5+ Kg6 36. Qe4+ Qxe4 37. Rxe4 Rd7 38. Bb2 Kg7 39. Rce1 Bb7 40. Re5 Rf7 41. Ba3 Kg6 42. Re6+ Kh5 43. Re7 Nxe7 44. Rxe7 Rxe7 45. Bxe7 Kg4 46. Kf2 Kf5 47. Bf8 h5 48. Be7 g4 49. Ke3 Bd5 50. Bd6 a6 1/2-1/2

[Event "RUS-ch Blitz"]
[Site "Sochi"]
[Date "2023.10.14"]
[Round "3"]
[White "Ivlev, Aleksey"]
[Black "Novikov, Maxim"]
[Result "1-0"]
[WhiteElo "2315"]
[BlackElo "2435"]
[PlyCount "101"]
[EventDate "2023.10.14"]
[EventType "swiss (blitz)"]
[EventRounds "13"]
[EventCountry "RUS"]
[SourceTitle "Mega2024 Update 01"]
[Source "Chessbase"]
[SourceDate "2023.11.12"]
[SourceVersion "1"]
[SourceVersionDate "2023.11.12"]
[SourceQuality "1"]

1. c4 Nf6 2. d4 c5 3. d5 b5 4. cxb5 a6 5. b6 Qxb6 6. Nc3 g6 7. Nf3 Qb7 8. e4 d6 9. Nd2 Bd7 10. Nc4 Bb5 11. Be2 Nbd7 12. 0-0 Bxc4 13. Bxc4 Bg7 14. Re1 0-0 15. Qc2 Nb6 16. Bf1 Rfc8 17. b3 Nfd7 18. Rb1 Qc7 19. Bg5 Qd8 20. Be3 Qf8 21. Qd2 h6 22. Rbc1 Kh7 23. a4 Nf6 24. a5 Nbd7 25. h3 Ne8 26. f4 Nc7 27. Bc4 Rcb8 28. Qd3 Qd8 29. Rf1 Nb5 30. Nxb5 axb5 31. Bxb5 Rxa5 32. Bc4 Rba8 33. e5 dxe5 34. f5 Nf6 35. fxg6+ fxg6 36. Bd2 e4 37. Qg3 Nxd5 38. Bxa5 Rxa5 39. Rf7 Nf6 40. Kh1 Ra2 41. Rf1 Rd2 42. Qe5 Rd1 43. Qxe7 Qxe7 44. Rxe7 Rd6 45. Ra1 Nh5 46. Raa7 Rd1+ 47. Kh2 Rd2 48. Kg1 e3 49. g4 e2 50. gxh5 Rd1+ 51. Kf2 1-0

[Event "RUS-ch Blitz"]
[Site "Sochi"]
[Date "2023.10.14"]
[Round "4"]
[White "Lintchevski, Daniil"]
[Black "Ivlev, Aleksey"]
[Result "1/2-1/2"]
[WhiteElo "2542"]
[BlackElo "2315"]
[PlyCount "62"]
[EventDate "2023.10.14"]
[EventType "swiss (blitz)"]
[EventRounds "13"]
[EventCountry "RUS"]
[SourceTitle "Mega2024 Update 01"]
[Source "Chessbase"]
[SourceDate "2023.11.12"]
[SourceVersion "1"]
[SourceVersionDate "2023.11.12"]
[SourceQuality "1"]

1. e4 e5 2. Nf3 Nc6 3. d4 exd4 4. Nxd4 Nf6 5. Nxc6 bxc6 6. e5 Qe7 7. Qe2 Nd5 8. Nd2 g6 9. c4 Ba6 10. Nf3 Bg7 11. Bg5 Qb4+ 12. Qd2 Qxd2+ 13. Bxd2 Nb6 14. b3 c5 15. 0-0-0 Bb7 16. Be3 Bxf3 17. gxf3 Bxe5 18. Bxc5 0-0-0 19. Be3 f5 20. f4 Bf6 21. c5 Na8 22. Ba6+ Kb8 23. Bd4 Rhf8 24. c6 Bxd4 25. Rxd4 dxc6 26. Rhd1 Rxd4 27. Rxd4 Nb6 28. Kd2 c5 29. Rd3 c6 30. Bc4 Nxc4+ 31. bxc4 Kc7 1/2-1/2

[Event "RUS-ch Blitz"]
[Site "Sochi"]
[Date "2023.10.14"]
[Round "7"]
[White "Tsvetkov, Andrey1"]
[Black "Ivlev, Aleksey"]
[Result "1-0"]
[WhiteElo "2424"]
[BlackElo "2315"]
[PlyCount "49"]
[EventDate "2023.10.14"]
[EventType "swiss (blitz)"]
[EventRounds "13"]
[EventCountry "RUS"]
[SourceTitle "Mega2024 Update 01"]
[Source "Chessbase"]
[SourceDate "2023.11.12"]
[SourceVersion "1"]
[SourceVersionDate "2023.11.12"]
[SourceQuality "1"]

1. d4 c5 2. d5 e5 3. e4 d6 4. Bb5+ Nd7 5. a4 Ngf6 6. Nc3 Be7 7. Nge2 0-0 8. 0-0 a6 9. Bd3 Ne8 10. Be3 Bg5 11. Qd2 Bxe3 12. Qxe3 g6 13. g3 Ng7 14. f4 f5 15. exf5 gxf5 16. fxe5 dxe5 17. d6 Qf6 18. Rad1 Kh8 19. Ne4 Qg6 20. Nxc5 Nxc5 21. Qxc5 e4 22. Bxe4 Qe8 23. Bf3 Qxa4 24. d7 Bxd7 25. Nc3 1-0

[Event "Sochi Pearl Blitz op"]
[Site "Sochi"]
[Date "2023.10.12"]
[Round "2"]
[White "Ivlev, Aleksey"]
[Black "Lintchevski, Daniil"]
[Result "0-1"]
[WhiteElo "2315"]
[BlackElo "2542"]
[PlyCount "94"]
[EventDate "2023.10.12"]
[EventType "swiss (blitz)"]
[EventRounds "13"]
[EventCountry "RUS"]
[SourceTitle "Mega2024 Update 01"]
[Source "Chessbase"]
[SourceDate "2023.11.12"]
[SourceVersion "1"]
[SourceVersionDate "2023.11.12"]
[SourceQuality "1"]

1. d4 d5 2. c4 dxc4 3. e3 e5 4. Bxc4 exd4 5. exd4 Bd6 6. Nf3 Nf6 7. 0-0 0-0 8. h3 h6 9. Nc3 Nc6 10. Re1 Bf5 11. d5 Ne7 12. Be3 a6 13. a4 Ng6 14. Nd4 Bd7 15. Bd3 Ne5 16. Nf5 Re8 17. Nxd6 cxd6 18. Bd4 Rc8 19. a5 Nh7 20. Bxh7+ Kxh7 21. Ne4 Bf5 22. Ng3 Bd7 23. Ne4 Bf5 24. Ng3 Qd7 25. Ra3 Bg6 26. Rae3 Nc4 27. Rxe8 Rxe8 28. Bc3 f6 29. Rxe8 Qxe8 30. b3 Na3 31. Bb4 Nb5 32. Qe1 Qxe1+ 33. Bxe1 Bc2 34. b4 Nc7 35. f3 Nxd5 36. Kf2 Kg6 37. h4 Kf7 38. Ke2 Nf4+ 39. Kf2 Bd3 40. Bd2 Nd5 41. h5 Ke6 42. Ke1 Ne7 43. Kd1 Kd5 44. Kc1 Kc4 45. Nh1 Bf1 46. Nf2 Bxg2 47. f4 Bf3 0-1

[Event "Sochi Pearl Rapid op"]
[Site "Sochi"]
[Date "2023.10.11"]
[Round "11"]
[White "Ivlev, Aleksey"]
[Black "Khripachenko, Alexander"]
[Result "0-1"]
[WhiteElo "2315"]
[BlackElo "2259"]
[PlyCount "96"]
[EventDate "2023.10.09"]
[EventType "swiss (rapid)"]
[EventRounds "11"]
[EventCountry "RUS"]
[SourceTitle "Mega2024 Update 01"]
[Source "Chessbase"]
[SourceDate "2023.11.12"]
[SourceVersion "1"]
[SourceVersionDate "2023.11.12"]
[SourceQuality "1"]

1. e4 c5 2. Nc3 e6 3. d4 cxd4 4. Qxd4 Nc6 5. Qe3 Nf6 6. Bd2 Bb4 7. 0-0-0 0-0 8. Qg3 Re8 9. a3 Ba5 10. e5 Bxc3 11. Qxc3 Ng4 12. Qg3 Ngxe5 13. Bc3 Ng6 14. h4 e5 15. Nf3 Qf6 16. Ng5 Nf4 17. Ne4 Qh6 18. Qg5 Qxg5 19. hxg5 d5 20. Nd6 Rd8 21. g3 Ne6 22. Nxc8 Raxc8 23. Bg2 e4 24. Kb1 Nxg5 25. Bd2 Nf3 26. Bxf3 exf3 27. Rh5 d4 28. Rf5 Re8 29. Rxf3 Re2 30. Rf4 Rce8 31. b4 a6 32. Kb2 b5 33. Kb3 f6 34. g4 Ne5 35. Rxd4 Rxf2 36. Re1 Rc8 37. Bf4 Nf3 38. Be3 Nxd4+ 39. Bxd4 Rfxc2 40. Bc5 R2xc5 41. bxc5 Rxc5 42. Re6 a5 43. Ra6 a4+ 44. Kb4 Rg5 45. Ra7 h6 46. Rb7 Kh7 47. Rxb5 Rxg4+ 48. Ka5 g5 0-1

[Event "Sochi Pearl Rapid op"]
[Site "Sochi"]
[Date "2023.10.11"]
[Round "9"]
[White "Ivlev, Aleksey"]
[Black "Tsydypov, Zhamsaran"]
[Result "0-1"]
[WhiteElo "2315"]
[BlackElo "2548"]
[PlyCount "134"]
[EventDate "2023.10.09"]
[EventType "swiss (rapid)"]
[EventRounds "11"]
[EventCountry "RUS"]
[SourceTitle "Mega2024 Update 01"]
[Source "Chessbase"]
[SourceDate "2023.11.12"]
[SourceVersion "1"]
[SourceVersionDate "2023.11.12"]
[SourceQuality "1"]

1. e4 c5 2. Nc3 d6 3. d4 cxd4 4. Qxd4 Nc6 5. Qd2 g6 6. b3 Bh6 7. f4 f5 8. exf5 Bxf5 9. Bb2 Nf6 10. Nge2 Qa5 11. Ng3 0-0-0 12. Nxf5 Qxf5 13. g3 e5 14. 0-0-0 d5 15. Kb1 exf4 16. gxf4 Bxf4 17. Qg2 d4 18. Bd3 Qg4 19. Qxg4+ Nxg4 20. Ne2 Be5 21. Rdf1 Rhf8 22. Ba3 Rxf1+ 23. Rxf1 Nxh2 24. Rf7 Rd7 25. Rf8+ Kc7 26. Nf4 Bxf4 27. Rxf4 Ne5 28. Be2 h5 29. Bb2 Re7 30. Re4 Nc6 31. Rxe7+ Nxe7 32. Bxd4 Ng4 33. a4 Nc6 34. Bg1 Kd6 35. c3 a6 36. b4 Nce5 37. Bf1 Nf3 38. Bc5+ Kc7 39. Be2 Nge5 40. Kc2 h4 41. Bf1 g5 42. Be3 Kd6 43. c4 Ng4 44. Ba7 Ngh2 45. Bd3 Ne1+ 46. Kc3 Kc7 47. Be4 Nhf3 48. Bf2 g4 49. Bxe1 Nxe1 50. Kd2 Nf3+ 51. Ke3 h3 52. Kf2 b6 53. Kg3 Ne5 54. c5 bxc5 55. bxc5 a5 56. Kf4 Nd7 57. Ba8 Nxc5 58. Kxg4 h2 59. Kh3 Kd6 60. Kxh2 Nxa4 61. Be4 Ke5 62. Bc2 Nc5 63. Kg2 Kd4 64. Kf2 Kc3 65. Bg6 a4 66. Bb1 Kb2 67. Bg6 a3 0-1

[Event "Sochi Pearl Rapid op"]
[Site "Sochi"]
[Date "2023.10.09"]
[Round "2"]
[White "Ivlev, Aleksey"]
[Black "Khudyakov, Stanislav"]
[Result "0-1"]
[WhiteElo "2315"]
[BlackElo "2236"]
[PlyCount "112"]
[EventDate "2023.10.09"]
[EventType "swiss (rapid)"]
[EventRounds "11"]
[EventCountry "RUS"]
[SourceTitle "Mega2024 Update 01"]
[Source "Chessbase"]
[SourceDate "2023.11.12"]
[SourceVersion "1"]
[SourceVersionDate "2023.11.12"]
[SourceQuality "1"]

1. d4 Nf6 2. c4 e6 3. Nf3 Bb4+ 4. Nbd2 b6 5. g3 Bb7 6. Bg2 0-0 7. 0-0 Bxd2 8. Bxd2 Qc8 9. d5 exd5 10. Bg5 dxc4 11. Bxf6 gxf6 12. Qd4 d5 13. Qh4 Qf5 14. Rad1 c5 15. Bh3 Qg6 16. Qf4 Nc6 17. Rxd5 Nd4 18. Nxd4 Bxd5 19. Nf5 Rfe8 20. Ne3 Be6 21. Bxe6 Rxe6 22. Rd1 Qe4 23. Qh6 Qg6 24. Qf4 Qe4 25. Qh6 Rae8 26. Rd5 Qb1+ 27. Rd1 Qg6 28. Qf4 Qe4 29. Qh6 b5 30. Rd7 Qb1+ 31. Kg2 Qg6 32. Qf4 Qe4+ 33. Qxe4 Rxe4 34. Nd5 Rxe2 35. Nxf6+ Kf8 36. Nxe8 Kxe8 37. Rd5 Rxb2 38. Rxc5 a6 39. a4 Rb4 40. axb5 axb5 41. Kf3 Ke7 42. Ke4 Kd6 43. Rc8 Rb2 44. Ke3 Kd5 45. Rd8+ Kc5 46. Rc8+ Kb4 47. Rc7 Rb3+ 48. Ke2 Ka3 49. Rxf7 Kb2 50. Rc7 Rd3 51. Rc5 Rb3 52. f4 c3 53. f5 b4 54. f6 Ra3 55. f7 Ra8 56. g4 c2 0-1

[Event "Dzhubga Blitz op"]
[Site "Dzhubga"]
[Date "2023.08.13"]
[Round "5"]
[White "Ivlev, Aleksey"]
[Black "Petrosyan, Gaspar"]
[Result "1-0"]
[WhiteElo "2315"]
[BlackElo "1718"]
[PlyCount "61"]
[EventDate "2023.08.13"]
[EventType "swiss (blitz)"]
[EventRounds "13"]
[EventCountry "RUS"]
[SourceTitle "CBM 215 Extra"]
[Source "ChessBase"]
[SourceDate "2023.09.30"]
[SourceVersion "1"]
[SourceVersionDate "2023.09.30"]
[SourceQuality "1"]

1. d4 g6 2. c4 Bg7 3. Nc3 c5 4. d5 Bxc3+ 5. bxc3 f5 6. Nf3 Qa5 7. Bd2 Nf6 8. h3 d6 9. Qc2 Nbd7 10. g4 Nb6 11. e3 fxg4 12. hxg4 Bxg4 13. Ng5 Qa4 14. Qxa4+ Nxa4 15. Bd3 Kd7 16. f3 Bh5 17. Kf2 Nb2 18. Be2 Rab8 19. a4 h6 20. Ne6 Ne4+ 21. fxe4 Bxe2 22. Kxe2 Nxc4 23. Be1 b6 24. Bg3 Rbg8 25. Kd3 Nb2+ 26. Ke2 Nc4 27. Rab1 g5 28. Kd3 Na5 29. e5 Nb7 30. Rbf1 Rh7 31. Nf8+ 1-0

[Event "Dzhubga Blitz op"]
[Site "Dzhubga"]
[Date "2023.08.13"]
[Round "13"]
[White "Ivlev, Aleksey"]
[Black "Zakaryan, David"]
[Result "1-0"]
[WhiteElo "2315"]
[BlackElo "2296"]
[PlyCount "85"]
[EventDate "2023.08.13"]
[EventType "swiss (blitz)"]
[EventRounds "13"]
[EventCountry "RUS"]
[SourceTitle "CBM 215 Extra"]
[Source "ChessBase"]
[SourceDate "2023.09.30"]
[SourceVersion "1"]
[SourceVersionDate "2023.09.30"]
[SourceQuality "1"]

1. c4 Nf6 2. Nc3 e5 3. g3 Bb4 4. Bg2 0-0 5. d3 c6 6. Nf3 Re8 7. 0-0 d5 8. cxd5 cxd5 9. Bg5 Bxc3 10. bxc3 h6 11. Bxf6 Qxf6 12. Nd2 Rd8 13. c4 dxc4 14. Nxc4 Nc6 15. Rb1 Be6 16. Qa4 Nd4 17. Rfe1 b5 18. Rxb5 Nxb5 19. Bxa8 Nc3 20. Qa5 e4 21. Bb7 exd3 22. exd3 Rxd3 23. Ne5 Rd2 24. Bf3 Rc2 25. Qxa7 Rxa2 26. Qd4 Nb5 27. Qc5 Na3 28. Qb6 Nc2 29. Be4 g6 30. Bxc2 Rxc2 31. Qe3 Bf5 32. Qxh6 Qb6 33. Qf4 Rb2 34. Nc4 Qb4 35. Re8+ Kg7 36. Qe5+ f6 37. Qxb2 Qxc4 38. Re7+ Kh6 39. Qxf6 Qc1+ 40. Kg2 Bh3+ 41. Kxh3 Qf1+ 42. Kh4 Qc4+ 43. Qf4+ 1-0

[Event "Dzhubga Rapid op"]
[Site "Dzhubga"]
[Date "2023.08.10"]
[Round "3"]
[White "Indzhiev, Aldar"]
[Black "Ivlev, Aleksey"]
[Result "1/2-1/2"]
[WhiteElo "2104"]
[BlackElo "2315"]
[PlyCount "155"]
[EventDate "2023.08.10"]
[EventType "swiss (rapid)"]
[EventRounds "11"]
[EventCountry "RUS"]
[SourceTitle "CBM 215 Extra"]
[Source "ChessBase"]
[SourceDate "2023.09.30"]
[SourceVersion "1"]
[SourceVersionDate "2023.09.30"]
[SourceQuality "1"]

1. d4 d5 2. c4 c6 3. cxd5 cxd5 4. Bf4 Nc6 5. e3 Nf6 6. Nc3 a6 7. Rc1 g6 8. h3 Bg7 9. Bd3 0-0 10. Nf3 Bd7 11. 0-0 b5 12. Ne5 Na5 13. Qe2 Nc4 14. b3 Nd6 15. Qf3 Be6 16. a4 Qb6 17. Qe2 b4 18. Na2 Rfc8 19. Rxc8+ Bxc8 20. Rc1 Bb7 21. Qe1 a5 22. Bf1 Nde4 23. f3 Nd6 24. g4 Nde8 25. Rc5 Rc8 26. Rxc8 Bxc8 27. Qc1 Bb7 28. Bb5 Nd6 29. Qc5 Qd8 30. Nc6 Bxc6 31. Bxc6 Qc7 32. Nc1 Nd7 33. Bxd7 Qxd7 34. Qxd5 Qc8 35. Qc5 Qa6 36. Bxd6 exd6 37. Qc4 Qb7 38. Kg2 Bh6 39. Kf2 Qe7 40. f4 Qe4 41. Ne2 Bf8 42. Qc1 Be7 43. g5 Qe6 44. Qc4 Qxh3 45. Qd5 h6 46. Qe4 Qd7 47. gxh6 Bh4+ 48. Ng3 Kh7 49. Kg2 Qg4 50. Qf3 Qe6 51. d5 Qf6 52. Ne4 Qb2+ 53. Kh3 Be7 54. f5 Qe5 55. Qf4 Qxf4 56. fxg6+ Kxh6 57. exf4 Kxg6 58. Kg3 Kf5 59. Kf3 Kg6 60. Nd2 Bd8 61. Nc4 Bc7 62. Ke4 Kf6 63. Kf3 Kg6 64. Kg4 f5+ 65. Kf3 Kh5 66. Ne3 Kg6 67. Nc4 Kh5 68. Nb2 Kg6 69. Nd3 Kh5 70. Nc1 Bb6 71. Ne2 Kg6 72. Ng3 Ba7 73. Nf1 Kh5 74. Nd2 Bb6 75. Kg3 Kg6 76. Nf3 Be3 77. Ng5 Bb6 78. Nf3 1/2-1/2

[Event "RUS-chT Rapid"]
[Site "Sochi"]
[Date "2021.10.16"]
[Round "6.3"]
[White "Ivlev, Aleksey"]
[Black "Demidov, Mikhail"]
[Result "0-1"]
[WhiteElo "2315"]
[BlackElo "2551"]
[PlyCount "98"]
[EventDate "2021.10.15"]
[EventType "team-swiss (rapid)"]
[EventRounds "9"]
[EventCountry "RUS"]
[SourceTitle "CBM 204 Extra"]
[Source "ChessBase"]
[SourceDate "2021.11.30"]
[SourceVersion "1"]
[SourceVersionDate "2021.11.30"]
[SourceQuality "1"]
[WhiteTeam "Chiba Vladikavkaz"]
[BlackTeam "Krasnodar Kuban"]
[WhiteTeamCountry "RUS"]
[BlackTeamCountry "RUS"]

1. d4 g6 2. c4 Bg7 3. Nc3 d6 4. e4 e5 5. d5 a5 6. h4 h5 7. Be3 Bh6 8. Qd2 Na6 9. Bd3 Nc5 10. Bc2 Bxe3 11. Qxe3 Bd7 12. Nge2 Nh6 13. f3 Kf8 14. Nc1 Kg7 15. Nd3 b6 16. Nf2 f5 17. exf5 Bxf5 18. Nce4 Bxe4 19. Bxe4 Rf8 20. 0-0-0 Qf6 21. Kb1 a4 22. Rdg1 Nf5 23. Qe1 Nxh4 24. Bc2 Rh8 25. Ne4 Nxe4 26. Qxe4 Nf5 27. g4 hxg4 28. Rxh8 Rxh8 29. fxg4 Nd4 30. Bd3 Qg5 31. Rf1 a3 32. bxa3 Rh2 33. Qe1 Qd2 34. Qxd2 Rxd2 35. Be4 Re2 36. Bh1 Nc2 37. Bf3 Nxa3+ 38. Ka1 Rd2 39. g5 Nc2+ 40. Kb1 Na3+ 41. Ka1 Rd4 42. Be2 Nc2+ 43. Kb1 Rd2 44. Bg4 Ne3 45. Rg1 Nxc4 46. Rc1 b5 47. Bd7 Rxd5 48. a4 Rc5 49. Rf1 Nd2+ 0-1

[Event "RUS-chT Rapid"]
[Site "Sochi"]
[Date "2021.10.15"]
[Round "5.5"]
[White "Gavariev, Renat"]
[Black "Ivlev, Aleksey"]
[Result "1-0"]
[WhiteElo "2327"]
[BlackElo "2315"]
[PlyCount "151"]
[EventDate "2021.10.15"]
[EventType "team-swiss (rapid)"]
[EventRounds "9"]
[EventCountry "RUS"]
[SourceTitle "CBM 204 Extra"]
[Source "ChessBase"]
[SourceDate "2021.11.30"]
[SourceVersion "1"]
[SourceVersionDate "2021.11.30"]
[SourceQuality "1"]
[WhiteTeam "Naberezhnye Chelny Saturn"]
[BlackTeam "Chiba Vladikavkaz"]
[WhiteTeamCountry "RUS"]
[BlackTeamCountry "RUS"]

1. d4 Nf6 2. c4 e6 3. Nf3 c5 4. d5 exd5 5. cxd5 d6 6. Nc3 g6 7. g3 Bg7 8. Bg2 0-0 9. 0-0 Re8 10. Nd2 a6 11. a4 Nbd7 12. Nc4 Ne5 13. Ne3 Rb8 14. a5 b5 15. axb6 Rxb6 16. h3 Nh5 17. Kh2 Rb4 18. Nc2 Rb8 19. Ne3 f5 20. f4 Nf7 21. Nc4 Bb7 22. Na5 Qd7 23. Nxb7 Qxb7 24. Bf3 Nf6 25. Qa4 Ra8 26. Qc6 Qa7 27. Nb5 Qe7 28. Rxa6 Rxa6 29. Qxa6 Ne4 30. Na3 h5 31. Qd3 h4 32. g4 Ng3 33. Rf2 Bd4 34. Rg2 Nh6 35. Nc4 Ra8 36. Na3 Kh7 37. Nc2 Bg7 38. Na3 Qd7 39. g5 Nf7 40. e3 Qe7 41. Rc2 Rb8 42. Nc4 Qd7 43. Bd2 Qa4 44. Be1 Rb3 45. Bc3 Qa1 46. Qd1 Qa4 47. Bxg7 Kxg7 48. Rc3 Rb4 49. Qxa4 Rxa4 50. Na3 Rb4 51. Nc4 Kf8 52. Kg2 Ke7 53. Kf2 Nd8 54. Ke1 Ra4 55. Na3 Nb7 56. Rc4 Ra6 57. Bd1 Rb6 58. b3 Ra6 59. Ra4 Rxa4 60. bxa4 Na5 61. Bc2 Kd7 62. Kf2 Kc7 63. Kf3 Kb6 64. e4 fxe4+ 65. Bxe4 c4 66. Bxg6 Kc5 67. f5 Kxd5 68. f6 Ke6 69. Nb5 Nc6 70. Nc7+ Kd7 71. Be8+ Kxc7 72. Bxc6 c3 73. Ke3 c2 74. Kd2 Kd8 75. a5 Nh5 76. a6 1-0

[Event "RUS-chT Blitz"]
[Site "Sochi"]
[Date "2021.10.14"]
[Round "6.5"]
[White "Bocharov, Dmitry"]
[Black "Ivlev, Aleksey"]
[Result "1-0"]
[WhiteElo "2517"]
[BlackElo "2315"]
[PlyCount "55"]
[EventDate "2021.10.14"]
[EventType "team-swiss (blitz)"]
[EventRounds "13"]
[EventCountry "RUS"]
[SourceTitle "CBM 204 Extra"]
[Source "ChessBase"]
[SourceDate "2021.11.30"]
[SourceVersion "1"]
[SourceVersionDate "2021.11.30"]
[SourceQuality "1"]
[WhiteTeam "Novosibirsk Region"]
[BlackTeam "Chiba Vladikavkaz"]
[WhiteTeamCountry "RUS"]
[BlackTeamCountry "RUS"]

1. d4 Nf6 2. c4 c5 3. d5 e6 4. Nc3 exd5 5. cxd5 d6 6. Nf3 g6 7. Bf4 a6 8. a4 Bg7 9. h3 0-0 10. e3 Re8 11. Nd2 Nh5 12. Bh2 f5 13. Be2 Nf6 14. 0-0 Bf8 15. Nc4 Qc7 16. a5 Nbd7 17. Na4 Ne4 18. Rc1 Ndf6 19. b4 Bd7 20. Nxc5 Nxc5 21. bxc5 Qxc5 22. Nxd6 Qxa5 23. Nxe8 Rxe8 24. Rc7 b5 25. Qd4 Bg7 26. Ra1 Nxd5 27. Qxd5+ Be6 28. Qxe6+ 1-0

[Event "RUS-ch Rapid"]
[Site "Sochi"]
[Date "2021.10.12"]
[Round "3"]
[White "Artemiev, Vladislav"]
[Black "Ivlev, Aleksey"]
[Result "1/2-1/2"]
[WhiteElo "2699"]
[BlackElo "2315"]
[PlyCount "116"]
[EventDate "2021.10.12"]
[EventType "swiss (rapid)"]
[EventRounds "11"]
[EventCountry "RUS"]
[SourceTitle "CBM 204 Extra"]
[Source "ChessBase"]
[SourceDate "2021.11.30"]
[SourceVersion "1"]
[SourceVersionDate "2021.11.30"]
[SourceQuality "1"]

1. c4 c6 2. Nf3 d5 3. e3 Nf6 4. Qc2 g6 5. b3 Bg7 6. Bb2 0-0 7. Be2 a5 8. 0-0 a4 9. b4 Bf5 10. d3 Na6 11. a3 b5 12. Qc1 Rc8 13. Nc3 Nc7 14. Rd1 Bg4 15. Ne5 Bd7 16. Bf3 Nfe8 17. Ne2 Nd6 18. cxd5 cxd5 19. Qd2 e6 20. Rac1 f6 21. Nxd7 Qxd7 22. Bd4 Nf5 23. Bc5 Rfe8 24. g3 Na6 25. Bg4 Nd6 26. Nf4 f5 27. Be2 Nf7 28. d4 Ng5 29. f3 Nf7 30. Rc2 Rb8 31. h4 Red8 32. Kg2 Bf6 33. Bf1 Bg7 34. Qe1 Nc7 35. Rcd2 Ne8 36. Kh2 Ned6 37. Re2 Nc4 38. e4 Re8 39. Rd3 Rbd8 40. Bh3 Bh6 41. exf5 exf5 42. Ne6 Rc8 43. g4 Ncd6 44. Kg2 Kh8 45. Bxd6 Nxd6 46. g5 Bg7 47. Nc5 Rxe2+ 48. Qxe2 Re8 49. Re3 Rxe3 50. Qxe3 Qe8 51. Ne6 Kg8 52. Kf2 Nc4 53. Qe2 Nxa3 54. f4 Nc2 55. Qxc2 Qxe6 56. Bg2 Bxd4+ 57. Kf1 Kf8 58. Qc7 Qe3 1/2-1/2

[Event "RUS-ch Rapid"]
[Site "Sochi"]
[Date "2021.10.12"]
[Round "4"]
[White "Ivlev, Aleksey"]
[Black "Kokarev, Dmitry"]
[Result "1/2-1/2"]
[WhiteElo "2315"]
[BlackElo "2579"]
[PlyCount "107"]
[EventDate "2021.10.12"]
[EventType "swiss (rapid)"]
[EventRounds "11"]
[EventCountry "RUS"]
[SourceTitle "CBM 204 Extra"]
[Source "ChessBase"]
[SourceDate "2021.11.30"]
[SourceVersion "1"]
[SourceVersionDate "2021.11.30"]
[SourceQuality "1"]

1. d4 Nf6 2. c4 g6 3. Nf3 Bg7 4. Nc3 0-0 5. Bg5 c5 6. e3 cxd4 7. exd4 d5 8. Bxf6 Bxf6 9. cxd5 Bg4 10. Be2 Bxf3 11. Bxf3 Qb6 12. Qd2 Bxd4 13. 0-0 Nd7 14. d6 e5 15. Ne2 Bc5 16. Rad1 Rad8 17. Nc3 Bd4 18. Ne2 Nc5 19. Nxd4 Rxd6 20. Qe3 exd4 21. Rxd4 Rxd4 22. Qxd4 Rd8 23. Qc3 Ne6 24. Qf6 Rd2 25. b3 Rxa2 26. Bd5 Rd2 27. Bc4 Qd4 28. Qf3 Qd7 29. Bxe6 fxe6 30. h4 Rd3 31. Qg4 Rd4 32. Qf3 Qd5 33. Qe2 Qc6 34. h5 Qe4 35. Qb5 gxh5 36. Qe8+ Kg7 37. Rc1 Qf5 38. Qe7+ Kh6 39. Qxb7 a5 40. Qb6 Re4 41. Ra1 Re5 42. Qd4 Rd5 43. Qe3+ Kg6 44. Re1 e5 45. Rc1 Rd6 46. Rc5 Rd1+ 47. Kh2 Qf4+ 48. Qxf4 exf4 49. Rxa5 f3 50. gxf3 Rd3 51. Rb5 Rxf3 52. Kg2 Rc3 53. Rb8 h4 54. b4 1/2-1/2

[Event "RUS-ch Blitz"]
[Site "Sochi"]
[Date "2021.10.11"]
[Round "8"]
[White "Nesterov, Arseniy"]
[Black "Ivlev, Aleksey"]
[Result "1-0"]
[WhiteElo "2514"]
[BlackElo "2315"]
[PlyCount "43"]
[EventDate "2021.10.11"]
[EventType "swiss (blitz)"]
[EventRounds "13"]
[EventCountry "RUS"]
[SourceTitle "CBM 204 Extra"]
[Source "ChessBase"]
[SourceDate "2021.11.30"]
[SourceVersion "1"]
[SourceVersionDate "2021.11.30"]
[SourceQuality "1"]

1. d4 d5 2. c4 c6 3. Nf3 Nf6 4. Nc3 e6 5. e3 Nbd7 6. Qc2 Bd6 7. b3 Qe7 8. Be2 0-0 9. 0-0 b6 10. Bb2 Bb7 11. Rad1 Rad8 12. Rfe1 Rfe8 13. Bf1 a6 14. e4 e5 15. exd5 cxd5 16. dxe5 Nxe5 17. Nxe5 Bxe5 18. Nxd5 Bxh2+ 19. Kxh2 Ng4+ 20. Kg3 Qg5 21. Ne7+ Kh8 22. Qf5 1-0

[Event "Bryansk Zilberstein Memorial 5th"]
[Site "Bryansk"]
[Date "2021.07.30"]
[Round "8"]
[White "Kobalia, Mihail"]
[Black "Ivlev, Aleksey"]
[Result "1-0"]
[WhiteElo "2596"]
[BlackElo "2315"]
[PlyCount "129"]
[EventDate "2021.07.29"]
[EventType "swiss (rapid)"]
[EventRounds "11"]
[EventCountry "RUS"]
[SourceTitle "CBM 203 Extra"]
[Source "ChessBase"]
[SourceDate "2021.09.30"]
[SourceVersion "1"]
[SourceVersionDate "2021.09.30"]
[SourceQuality "1"]

1. e4 e5 2. Nf3 Nc6 3. Bb5 a6 4. Ba4 Nf6 5. 0-0 b5 6. Bb3 Be7 7. d3 0-0 8. Nc3 d6 9. a3 Na5 10. Ba2 c5 11. Nd5 Nc6 12. Nxf6+ Bxf6 13. Bd5 Bd7 14. a4 Rb8 15. axb5 axb5 16. c3 Ne7 17. Bb3 Ra8 18. Be3 Bc6 19. Qe2 h6 20. h3 Qd7 21. Nh2 Ng6 22. Qh5 c4 23. dxc4 Bxe4 24. Ng4 Be7 25. Rxa8 Rxa8 26. c5 Qf5 27. Qxf5 Bxf5 28. cxd6 Bxd6 29. Rd1 Be7 30. Bb6 Rb8 31. Bc7 Rc8 32. Ba5 Ra8 33. Bc7 Rc8 34. Bd6 Bxd6 35. Rxd6 b4 36. cxb4 Rb8 37. Ne3 Be6 38. Bxe6 fxe6 39. Rxe6 Kf7 40. Rc6 Rxb4 41. Rc7+ Kf8 42. Nc4 Ra4 43. g3 Ra1+ 44. Kg2 Rc1 45. b4 Rb1 46. Rb7 e4 47. b5 Ne7 48. b6 Nd5 49. Rd7 Nf6 50. Ra7 Rb4 51. b7 Nd7 52. Ne5 Nxe5 53. Ra8+ Kf7 54. b8Q Rxb8 55. Rxb8 Kf6 56. Kf1 Nf3 57. Rb5 g6 58. Ra5 h5 59. h4 Nd4 60. Rd5 Nf5 61. Ra5 e3 62. Ra6+ Kf7 63. Ke2 Kg7 64. Kf3 Kf7 65. fxe3 1-0